| 000 | 00890cam a2200277 a 4500 | ||
|---|---|---|---|
| 999 |
_c528306 _d528306 |
||
| 001 | 2090784 | ||
| 003 | NUST | ||
| 038 | _aMSOHAIL | ||
| 040 |
_aDDOE _cDDOE _dDLC |
||
| 042 | _alccopycat | ||
| 050 | 0 | 0 |
_aGE300 _b.I47 1995 |
| 082 |
_a330 _bOEC |
||
| 100 |
_aOECD _920015 |
||
| 245 | 0 | 0 | _aImproving the environment : |
| 246 | 1 | 0 | _aEvaluation of DOE's environmental management program. |
| 260 |
_aAustralia _bOECD _c1998. |
||
| 300 |
_axiii, 40 p. : _bill. ; _c23 cm. |
||
| 504 | _aIncludes bibliographical references. | ||
| 610 | 1 | 0 |
_aUnited States. _bDepartment of Energy. _920016 |
| 650 | 0 |
_aEnvironmental management. _96432 |
|
| 710 | 2 |
_aNational Research Council (U.S.) _920017 |
|
| 906 |
_a7 _bcbc _ccopycat _d2 _eopcn _f19 _gy-gencatlg |
||
| 942 |
_2ddc _cBK |
||